Postavenie indiánskeho obyvateľstva v Andskom regióne v sociálno-ekonomických súvislostiach bakalárska práca

Gespeichert in:
Bibliographische Detailangaben
1. Verfasser: Moncmanová, Daniela
Körperschaft: Fakulta medzinárodných vzťahov EU. Katedra medzinárodných ekonomických vzťahov a hospodárskej diplomacie
Weitere Verfasser: Janubová, Barbora, 1991-
Format: Buch
Sprache:Slowakisch
Veröffentlicht: Bratislava 2018
Tags: Tag hinzufügen
Keine Tags, Fügen Sie das erste Tag hinzu!

MARC

LEADER 00000nbm a2200000 4500
001 0244548
005 20180810103355.4
041 0 |a slo 
044 |a SK 
245 1 0 |a Postavenie indiánskeho obyvateľstva v Andskom regióne v sociálno-ekonomických súvislostiach  |b bakalárska práca  |c Daniela Moncmanová ; školiteľ: Barbora Janubová 
264 1 |a Bratislava  |c 2018 
300 |a 52 s. 
100 1 |a Moncmanová, Daniela 
700 1 |a Janubová, Barbora, 1991- 
710 2 |a Fakulta medzinárodných vzťahov EU. Katedra medzinárodných ekonomických vzťahov a hospodárskej diplomacie